Missing Word: Four Letter Literature A-Z Quiz Stats

Quiz Updated Oct 25, 2015

Challenge
Share
Tweet
Embed
Score 0/24 Timer 03:00
1 Play Today
Hint Answer % Correct
To ____ a Mockingbird - LeeKill
99.2%
One Flew Over the Cuckoo's ____ - KeseyNest
98.8%
Of ____ and Men - SteinbeckMice
98.8%
____ with the Wind - MitchellGone
98.6%
Animal ____ - OrwellFarm
98.2%
A Room With a ____ - ForsterView
97.4%
The ____ of the Wild - LondonCall
97.2%
A Farewell to ____ - HemingwayArms
96.2%
Their ____ Were Watching God - HurstonEyes
94.2%
Go ____ It on the Mountain - BaldwinTell
92.8%
Rosencrantz and Guildenstern Are ____ - StoppardDead
90%
____ Thin Air - KrakauerInto
88.7%
Hint Answer % Correct
____ of Solomon - MorrisonSong
85.2%
____ Times - DickensHard
82.8%
Less Than ____ - EllisZero
82.8%
On the ____ - KerouacRoad
77.5%
The Runaway ____ - GrishamJury
74.3%
A Prayer for ____ Meany - IrvingOwen
70.1%
A ____ in the River - NaipaulBend
67%
The ____ of Magical Thinking - DidionYear
66.1%
____ Sargasso Sea - RhysWide
55.5%
____ Fire - NabokovPale
26.2%
Quite ____ One Morning - BrookmyreUgly
22%
The Inheritance of ____ - DesaiLoss
12.2%

Today's Daily Dose

Missing Word
Law Misconceptions

Word Ladder
Easy Math

On This Day
January 20th

You're not logged in!

Compare scores with friends on all Sporcle quizzes.
Sign Up with Email
OR
Log In

You Might Also Like...

Show Comments

Extras

Top Quizzes Today


Score Distribution

Your Account Isn't Verified!

In order to create a playlist on Sporcle, you need to verify the email address you used during registration. Go to your Sporcle Settings to finish the process.